000 01673nam a22002894c 4500
003 AR-BaSMT
008 260325b2024 ag||||br|||| 00| jbspa d
020 _a9789875045194
040 _aBSGB
_bespañol
_cBSGB
_erda
041 _aspa
_hespañol
080 _a82-94
100 1 _aBraverman, Andrea,
_9436
245 1 0 _aAmia :
_bcontar para no olvidar.
250 _aPrimera edición
264 1 _aBuenos aires :
_bQuipu ,
_c2024
300 _a96 páginas
336 _2rdacontent
_atexto
_btxt
337 _2rdamedia
_asin mediación
_bn
338 _2rdacarrier
_avolumen
_bnc
490 _aVerde histórica
520 _aEl lunes 18 de julio de 1994 a las 9.53 de la mañana una terrible explosión sacudió a la Ciudad Autónoma de Buenos Aires, al país y al mundo entero. Se trató del mayor atentado de la historia argentina: el ataque a la sede de la Asociación Mutual Israelita Argentina (AMIA). Este libro relata las historias paralelas de Martín, Sarita y Gregorio, que comienzan el viernes 15 de julio, 72 horas antes del atentado, y tienen su punto de encuentro en la mañana del lunes 18, en el convulsionado barrio del Once, donde los protagonistas vivirán una cuenta regresiva en la que cada minuto será vital. Se trata de historias de ficción, imaginadas por la autora, Andrea Braverman, a partir de los testimonios de muchas personas que aquel día terrible vivieron de cerca la tragedia.
_uhttps://www.quipu.com.ar/productos/amia-contar-para-no-olvidar/ 25/03/2026
521 _aA partir de 12 años
650 7 _910
_aLITERATURA JUVENIL
650 7 _935
_aNOVELA HISTÓRICA
_zArgentina
942 _2ddc
_aBOOK
999 _c599
_d599